L'Aviation et le vol des oiseaux / par M. Ramon de Morènes
Descripción Física:
34 p. ; 29 cm
Materias:
Aeronàutica
MARC
| LEADER | 00000nam a2200000Ia 4500 | ||
|---|---|---|---|
| 001 | 16473 | ||
| 008 | 160829s1866 xx 000 0 cat d | ||
| 080 | |a RF-13-39 | ||
| 100 | |a Morènes, Ramon de |9 43546 | ||
| 245 | |a L'Aviation et le vol des oiseaux / par M. Ramon de Morènes | ||
| 260 | |a Paris : |b (Gauthier - Villars, Imprimeur - Libraire), |c 1866 | ||
| 300 | |a 34 p. ; |c 29 cm | ||
| 490 | |a Mémoires sur la locomotion aérienne sans ballons ; 6 | ||
| 590 | |a Prové de 1401, exp. 24. | ||
| 590 | |a A la coberta, manuscrit: A la Exm. Diputación Provincial de Barcelona, El autor | ||
| 650 | |a Aeronàutica |9 43547 | ||
| 856 | 4 | |u https://media.diba.cat/diba/fitxers/arxiu/fulletons/bib_16473_1866_baixa.pdf |y Accés lliure | |
| 856 | 4 | |u https://media.diba.cat/diba/fitxers/arxiu/fulletons/bib_16473_1866_baixa.pdf |y Accés lliure | |
| 901 | |a Arxiu | ||
| 942 | |n 1 |2 udc | ||
| 952 | |0 0 |1 0 |4 0 |6 RF1339 |7 1 |9 51504 |a Arxiu |b Arxiu |d 2016-12-01 |l 0 |o RF-13-39 |p 16473 |r 2016-12-01 00:00:00 |w 2016-12-01 |y ARXIU | ||
| 999 | |c 55348 |d 55348 | ||
| 900 | |a bib_16473_1866_baixa.pdf | ||